000 00525nam a22001937a 4500
005 20251108173206.0
008 250721s2006 xx 000 0 ara d
082 1 4 _aق/برا
100 1 _aبراون، دان
245 1 0 _aحقيقة الخديعة: رواية /
246 1 1 _adeception point
250 _aط2
264 1 _aبيروت :
_bالدار العربية للعلوم،
_c2006.
300 _a423ص.
650 1 7 _aالقصص
650 1 7 _aالأدب المترجم
942 _2ddc
_cBK
999 _c98204
_d98204